Statistiques concernant Ministres de la culture en France

Cliquez ici pour prendre le quiz!

Statistiques générales

  • Ce quiz a été pris 162 fois
  • Le résultat moyen est 10 sur 27

Statistiques - réponses

Président de la républiquePériodeMinistre ou Secrétaire d'État% Correct
François Mitterand1981 - 1986Jack Lang, Lang
89%
François Mitterand1988 - 1993Jack Lang, Lang
89%
Charles De Gaulle1959 - 1969André Malraux, Malraux
87%
Emmanuel Macron2020 - 2022Roselyne Bachelot, Bachelot
80%
François Hollande2014 - 2016Fleur Pellerin, Pellerin
49%
Nicolas Sarkozy2009 - 2012Frédéric Mitterand, Mitterand
49%
Emmanuel Macron2022 - Aujourd'huiRyma Abdul Malak, Abdul Malak
44%
Emmanuel Macron2018 - 2020Franck Riester, Riester
40%
Emmanuel Macron2017 - 2018Françoise Nyssen, Nyssen
40%
François Mitterand1993 - 1995Jacques Toubon, Toubon
40%
Nicolas Sarkozy2007 - 2009Christine Albanel, Albanel
33%
François Hollande2016 - 2017Audrey Azoulay, Azoulay
31%
Jacques Chirac1997 - 2000Catherine Trautmann, Trautman, Trautmann
31%
François Mitterand1986 - 1988François Léotard, Léotard
31%
Jacques Chirac1995 - 1997Philippe Douste-Blazy, Douste-Blazy
29%
Jacques Chirac2004 - 2007Renaud Donnedieu de Vabres, Donnedieu de Vabres
29%
François Hollande2012 - 2014Aurélie Filippetti, Filippetti
27%
Jacques Chirac2000 - 2002Catherine Tasca, Tasca
27%
Georges Pompidou1969 - 1970Edmond Michelet, Michelet
24%
Valéry Giscard d'Estaing1976 - 1977Françoise Giroud, Giroud
24%
Jacques Chirac2002 - 2004Jean-Jacques Aillagon, Aillagon
24%
Georges Pompidou1971 - 1973Jacques Duhamel, Duhamel
22%
Valéry Giscard d'Estaing1978 - 1981Jean-Philippe Lecat, Lecat
22%
Valéry Giscard d'Estaing1974 - 1976Michel Guy
22%
Georges Pompidou1973 - 1974Maurice Druon, Druon
20%
Valéry Giscard d'Estaing1977 - 1978Michèle d'Ornano, Ornano
13%
Georges Pompidou1974Alain Peyrefitte, Peyrefitte
11%

Distribution des résultats

Percentile par nombre de réponses

% des personnes avec chaque résultat

Votre développement - résultats

Vous n’avez pas pris ce quiz